Vista normal
Vista MARC
Entrada Nombre Personal
Número de registros utilizados en: 1
001 - NUMERO DE CONTROL
- control field: 27511
003 - IDENTIFICADOR DEL NÚMERO DE CONTROL
- control field: AR-RoUNA
005 - FECHA Y HORA DE LA ÚLTIMA TRANSACCIÓN
- control field: 20251022083800.0
008 - ELEMENTOS DE DATOS DE LONGITUD FIJA
- fixed length control field: 251022|| aca||aabn | a|a d
010 ## - NÚMERO DE CONTROL DE LA BIBLIOTECA DEL CONGRESO
- LC control number: n 84183336
040 ## - FUENTE DE CATALOGACIÓN
- Original cataloging agency: AR-RoUNA
100 1# - ENCABEZADO--NOMBRE PERSONAL
- Nombre personal: Macrae-Gibson- Gavin
400 1# - REFERENCIA DE ENVIO “VEASE” - NOMBRE PERSONAL
- Nombre personal: Gibson, Gavin Macrae-
670 ## - FUENTE EN LA QUE SE LOCALIZARON DATOS
- Cita fuente: His The secret life of buildings, 1985:
- Información encontrada: CIP t.p. (Gavin Macrae-Gibson)